Stav a pohyb obyvateľstva v Slovenskej republike v 1. polroku 2000

Uložené v:
Podrobná bibliografia
Médium: Kniha
Jazyk:Slovak
Vydavateľské údaje: Bratislava Štatistický úrad Slovenskej republiky 2000
Edícia:Demografia a sociálna štatistika
Tagy: Pridať tag
Žiadne tagy, Buďte prvý, kto otaguje tento záznam!

MARC

LEADER 00000nam a2200000 4500
001 c123666
005 20260122100926.3
041 0 |a slo 
044 |a SK 
245 1 0 |a Stav a pohyb obyvateľstva v Slovenskej republike v 1. polroku 2000 
264 1 |a Bratislava  |b Štatistický úrad Slovenskej republiky  |c 2000 
300 |a 127 s. 
490 1 |a Demografia a sociálna štatistika 
830 0 |a Demografia a sociálna štatistika